[Event "Chennai Challengers 2025"]
[Site "Chennai IND"]
[Date "2025.08.11"]
[Round "5.3"]
[White "Pranesh, M"]
[Black "Mendonca, Leon Luke"]
[Result "1/2-1/2"]
[WhiteTitle "GM"]
[BlackTitle "GM"]
[WhiteElo "2589"]
[BlackElo "2606"]
[WhiteFideId "35028600"]
[BlackFideId "35028561"]
[EventDate "2025.08.07"]

1. e4 e5 2. Nf3 Nc6 3. Bb5 Bc5 4. O-O Nd4 5. Nxd4 Bxd4 6. c3 Bb6 7. d4 c6 8. Bc4
d6 9. Qb3 Qe7 10. Be3 Nf6 11. Nd2 O-O 12. dxe5 Qxe5 13. Bxb6 axb6 14. Qxb6 Nxe4
15. Nxe4 Qxe4 16. Bb3 Re8 17. a4 g6 18. a5 Ra6 19. Qc7 d5 20. h3 Qe5 21. Qxe5
Rxe5 22. Bc2 d4 23. b4 dxc3 24. Bd3 Ra8 25. Rfc1 Bf5 26. Rxc3 Bxd3 27. Rxd3 Rb5
28. Rd4 c5 29. bxc5 Rxc5 30. Rb4 Raxa5 31. Rxa5 Rxa5 32. Rxb7 h5 33. h4 Kg7 34.
g3 Rc5 35. Rd7 Ra5 36. Rb7 Rc5 37. Rd7 Ra5 38. Rb7 1/2-1/2

[Event "Chennai Challengers 2025"]
[Site "Chennai IND"]
[Date "2025.08.11"]
[Round "5.4"]
[White "Aryan, Chopra"]
[Black "Adhiban, Baskaran"]
[Result "1/2-1/2"]
[WhiteTitle "GM"]
[BlackTitle "GM"]
[WhiteElo "2634"]
[BlackElo "2534"]
[WhiteFideId "5084423"]
[BlackFideId "5018471"]
[EventDate "2025.08.07"]

1. d4 f5 2. Bg5 h6 3. Bh4 g5 4. Bg3 Bg7 5. e3 c5 6. c3 Qb6 7. Na3 cxd4 8. Nc4
Qe6 9. cxd4 Nf6 10. Ne5 Nc6 11. Ngf3 g4 12. Nxc6 bxc6 13. Ne5 Nh5 14. Qb3 Qxb3
15. axb3 Nxg3 16. hxg3 c5 17. Ba6 cxd4 18. exd4 e6 19. Kd2 Bxe5 20. dxe5 Ke7 21.
Bc4 Bb7 22. Rh2 Kf7 23. Ke3 Kg6 24. Kf4 a5 25. Rd1 Ba6 26. Rxd7 Bxc4 27. bxc4
Rac8 28. Rd4 Rb8 29. f3 h5 30. Rd6 Rhe8 31. Rh1 Rxb2 32. Rc1 Rxg2 33. Ra6 Re2
34. c5 gxf3 35. Kxf3 Rxe5 36. Rxa5 Rd8 37. Rc3 Rc8 38. Ra6 Kf6 39. c6 Rc7 40.
Rb6 Ke7 41. Rb8 Rd5 42. Rh8 Kd6 43. Rxh5 Rxc6 44. Rxc6+ Kxc6 45. Rh6 Kd6 46. g4
fxg4+ 47. Kxg4 Rd3 48. Kf4 Kd5 49. Rh5+ Kd4 50. Re5 Rf3+ 51. Kxf3 Kxe5 52. Ke3 1/2-1/2

[Event "Chennai Challengers 2025"]
[Site "Chennai IND"]
[Date "2025.08.11"]
[Round "5.5"]
[White "Ghosh, Diptayan"]
[Black "Iniyan, Pa"]
[Result "1/2-1/2"]
[WhiteTitle "GM"]
[BlackTitle "GM"]
[WhiteElo "2576"]
[BlackElo "2586"]
[WhiteFideId "5045207"]
[BlackFideId "25002767"]
[EventDate "2025.08.07"]

1. d4 Nf6 2. c4 e6 3. Nc3 Bb4 4. Qc2 h6 5. Nf3 c5 6. dxc5 Na6 7. Bd2 Nxc5 8. e3
b6 9. Be2 Bb7 10. O-O Nfe4 11. Nxe4 Bxe4 12. Qd1 Bxd2 13. Nxd2 Bb7 14. b4 Na6
15. a3 O-O 16. Rc1 Nc7 17. Qb3 a5 18. Bf3 Qb8 19. Rfd1 axb4 20. axb4 d5 21. Qb2
Ra4 22. Nb1 Ra7 23. Nd2 Ra4 24. Nb1 Ra7 25. Nd2 Ra4 1/2-1/2

[Event "Chennai Challengers 2025"]
[Site "Chennai IND"]
[Date "2025.08.12"]
[Round "6.1"]
[White "Harshavardhan, G B"]
[Black "Iniyan, Pa"]
[Result "1/2-1/2"]
[WhiteTitle "IM"]
[BlackTitle "GM"]
[WhiteElo "2454"]
[BlackElo "2586"]
[WhiteFideId "25059009"]
[BlackFideId "25002767"]
[EventDate "2025.08.07"]

1. Nf3 d5 2. g3 c5 3. Bg2 Nf6 4. O-O e6 5. d4 cxd4 6. Nxd4 Be7 7. c4 O-O 8. cxd5
Nxd5 9. Nc3 Nxc3 10. bxc3 e5 11. Nb5 Qa5 12. Nd6 Nc6 13. Nxc8 Raxc8 14. Qb3 Qa6
15. Be3 b6 16. Rfd1 Na5 17. Qc2 Rc7 18. Be4 g6 19. Bd5 Nc4 20. Bh6 Rfc8 21. Qe4
Bf6 22. Qg4 Bg7 23. Qg5 Bxh6 24. Qxh6 Qa3 25. h4 Qf8 26. Qg5 Qe7 27. Bxc4 Qxg5
28. Bxf7+ Kxf7 29. hxg5 Ke6 30. Rd2 Rxc3 31. Rad1 Rc1 32. Rxc1 Rxc1+ 33. Kg2 Rc4
34. e3 Ra4 35. f4 Kf5 36. Kh3 Ra3 37. Re2 Ke4 38. Kg4 Ra4 39. Rh2 Kxe3 40. Rxh7
exf4 41. Re7+ Re4 42. Rxe4+ Kxe4 43. gxf4 b5 44. f5 gxf5+ 45. Kh5 f4 46. g6 f3
47. g7 f2 48. g8=Q f1=Q 49. Qa8+ Kd3 50. Qxa7 Qf5+ 51. Kh6 Kc2 52. Qa5 Kb1 53.
a3 Ka2 54. Qb4 Qh3+ 55. Kg5 Qb3 56. Qc5 Qc4 57. Qe3 Kb2 58. Kf5 Qc3 59. Qa7 Qxa3
60. Qf2+ Kb3 61. Qe3+ Ka2 62. Qf2+ Qb2 63. Qa7+ Kb3 64. Qf7+ Kc2 65. Qb7 Qb3 66.
Qg2+ Kb1 67. Qg1+ Kb2 68. Kf6 b4 69. Kg7 Ka2 70. Kh8 Qa3 71. Qb6 b3 72. Qb5 b2
73. Qc4+ Ka1 74. Qd4 Qh3+ 75. Kg7 Qf3 76. Kh8 Qe2 77. Qa7+ Kb1 78. Qg1+ Kc2 79.
Qc5+ Kd1 80. Qg1+ Kc2 81. Qc5+ Kd2 82. Qd4+ Kc1 83. Qg1+ Qd1 84. Qc5+ Kb1 85.
Qf5+ Qc2 86. Qg6 Kc1 87. Qg1+ Kd2 88. Qf2+ Kc3 89. Qc5+ Kb3 90. Qb6+ Ka3 91.
Qd6+ Ka4 92. Qa6+ Kb4 93. Qb6+ Kc4 94. Qc7+ Kd3 95. Qg3+ Kd4 96. Qd6+ Ke3 97.
Qg3+ Ke2 98. Qg2+ Kd1 99. Qg1+ Kd2 100. Qf2+ Kc1 101. Qg1+ Qd1 102. Qc5+ Kb1
103. Qf5+ Ka2 104. Qa5+ Kb3 105. Qb5+ Ka3 106. Qc5+ Kb3 107. Qb5+ Kc3 108. Qc5+
Kd3 109. Qb5+ Kc2 110. Qc5+ Kb1 111. Qf5+ 1/2-1/2

[Event "Chennai Challengers 2025"]
[Site "Chennai IND"]
[Date "2025.08.12"]
[Round "6.2"]
[White "Adhiban, Baskaran"]
[Black "Ghosh, Diptayan"]
[Result "1-0"]
[WhiteTitle "GM"]
[BlackTitle "GM"]
[WhiteElo "2534"]
[BlackElo "2576"]
[WhiteFideId "5018471"]
[BlackFideId "5045207"]
[EventDate "2025.08.07"]

1. d4 Nf6 2. c4 e6 3. g3 d5 4. Bg2 Bb4+ 5. Bd2 a5 6. a3 Be7 7. Qc2 O-O 8. Nf3
Nbd7 9. Nc3 dxc4 10. Rd1 c6 11. h4 Qb6 12. O-O Qa6 13. e4 e5 14. dxe5 Ng4 15. e6
fxe6 16. e5 Ndxe5 17. Nxe5 Nxe5 18. Bg5 Bxg5 19. hxg5 Nd3 20. Be4 b5 21. Rxd3
cxd3 22. Bxd3 h6 23. Qe2 Ra7 24. Qe4 Rf5 25. gxh6 gxh6 26. Qh4 Rf8 27. Ne4 Qb7
28. Nf6+ Rxf6 29. Qxf6 Qg7 30. Qd8+ Qf8 31. Qb6 Rd7 32. Be4 Rd2 33. Qxa5 Rxb2
34. Qc7 1-0

[Event "Chennai Challengers 2025"]
[Site "Chennai IND"]
[Date "2025.08.12"]
[Round "6.3"]
[White "Mendonca, Leon Luke"]
[Black "Aryan, Chopra"]
[Result "1-0"]
[WhiteTitle "GM"]
[BlackTitle "GM"]
[WhiteElo "2606"]
[BlackElo "2634"]
[WhiteFideId "35028561"]
[BlackFideId "5084423"]
[EventDate "2025.08.07"]

1. c4 c5 2. Nf3 Nf6 3. Nc3 Nc6 4. g3 d5 5. cxd5 Nxd5 6. Bg2 Nc7 7. a3 g6 8. h4
h6 9. Na4 e5 10. d3 Bd7 11. O-O Ne6 12. b4 cxb4 13. axb4 Bg7 14. Be3 O-O 15. Nc5
Nxb4 16. Nd2 Qe7 17. Qb3 a5 18. Nxd7 Qxd7 19. Nc4 Qc7 20. Nxa5 Rxa5 21. Qxb4
Rxa1 22. Rxa1 Rb8 23. Ba7 Re8 24. Ra2 Re7 25. Bb6 Qc1+ 26. Kh2 Rd7 27. Qb5 Re7
28. Ra8+ Kh7 29. Qb4 Rd7 30. Qa4 Re7 31. Re8 Rxe8 32. Qxe8 Qb2 33. Be3 Qxe2 34.
Qxf7 Nd8 35. Qd7 Nc6 36. Bd5 Nb4 37. Bf7 1-0

[Event "Chennai Challengers 2025"]
[Site "Chennai IND"]
[Date "2025.08.12"]
[Round "6.4"]
[White "Puranik, Abhimanyu"]
[Black "Pranesh, M"]
[Result "0-1"]
[WhiteTitle "GM"]
[BlackTitle "GM"]
[WhiteElo "2635"]
[BlackElo "2589"]
[WhiteFideId "5061245"]
[BlackFideId "35028600"]
[EventDate "2025.08.07"]

1. Nf3 d5 2. g3 Nc6 3. d4 Bf5 4. Bg2 e6 5. O-O Nb4 6. Ne1 Be7 7. c3 Nc6 8. Nd3
h5 9. f3 h4 10. e4 Bh7 11. Be3 hxg3 12. hxg3 Nf6 13. Nd2 Nh5 14. Bf2 g5 15. Re1
Bg6 16. b4 Bd6 17. Nf1 Kf8 18. b5 Na5 19. exd5 exd5 20. Ne5 Bxe5 21. dxe5 Ng7
22. Qd4 Kg8 23. Ne3 c6 24. bxc6 bxc6 25. Rad1 Ne6 26. Qb4 Rb8 27. Qa3 Qc7 28.
Re2 Kg7 29. Qa4 Nb7 30. Ng4 Nbc5 31. Qa3 Rb5 32. Be3 Rhb8 33. c4 dxc4 34. Qc3
Na4 35. Qa3 Nb2 36. Rc1 Nd3 37. Rxc4 Rb1+ 38. Bf1 Ra1 39. Qxa7 Qd8 40. Nh2 Rbb1
41. Bd4 Qd5 42. Bxa1 Qxc4 43. Bb2 c5 44. Qd7 Qb4 45. a3 Qb3 46. Ng4 Rxf1+ 0-1

[Event "Chennai Challengers 2025"]
[Site "Chennai IND"]
[Date "2025.08.12"]
[Round "6.5"]
[White "Vaishali, Rameshbabu"]
[Black "Dronavalli, Harika"]
[Result "0-1"]
[WhiteTitle "GM"]
[BlackTitle "GM"]
[WhiteElo "2476"]
[BlackElo "2487"]
[WhiteFideId "5091756"]
[BlackFideId "5015197"]
[EventDate "2025.08.07"]

1. e4 c5 2. Nc3 e6 3. g3 d5 4. Bg2 d4 5. Nce2 Nc6 6. d3 h5 7. f4 h4 8. Nh3 e5 9.
f5 Nf6 10. O-O Be7 11. Kh1 b6 12. a3 Bb7 13. Bd2 Qc7 14. Qe1 Ng4 15. Neg1 O-O-O
16. Nf3 hxg3 17. Qxg3 Ne3 18. Bxe3 dxe3 19. Nfg5 Bxg5 20. Qxg5 Nd4 21. Rac1 e2
22. Rg1 f6 23. Qe3 c4 24. Nf2 Rh4 25. c3 Nb3 26. Rce1 cxd3 27. Nxd3 Rdh8 28. h3
Bxe4 29. Nf2 Nc5 30. Rxe2 Bxg2+ 31. Rxg2 e4 32. Qg3 Qd7 33. Kh2 Qxf5 34. Kg1 g5
35. b4 Nd3 36. Nxe4 Qxh3 37. Qxh3+ Rxh3 38. Rh2 Nf4 39. Rd2 g4 40. Nxf6 Rg3+ 41.
Kh1 Rxh2+ 42. Kxh2 Rh3+ 43. Kg1 Rxc3 44. Nxg4 Rg3+ 45. Kf2 Rxg4 46. Kf3 Rh4 47.
Kg3 Ng6 48. Rd6 Rh1 49. Kg2 Rh6 50. Kg1 Kc7 51. Rf6 b5 52. Ra6 Kb7 53. Rf6 Rh3
54. Rxg6 Rxa3 55. Kf2 Rc3 56. Ke2 Rc4 57. Rg7+ Kb6 58. Rg6+ Rc6 59. Rg1 Rd6 60.
Ke3 a6 61. Rh1 Kc6 62. Rc1+ Kb6 63. Rh1 a5 64. bxa5+ Kxa5 65. Ra1+ Kb6 66. Rb1
Rd8 67. Ke4 Rd2 68. Ke3 Rd5 69. Ke4 Kc6 70. Rc1+ Rc5 71. Rh1 b4 72. Kd3 Kb5 73.
Kd2 Ka4 74. Rb1 Ka3 75. Ra1+ Kb2 76. Ra4 Rd5+ 77. Ke3 b3 78. Ra8 Kc3 79. Rc8+
Kb4 80. Rb8+ Rb5 0-1

[Event "Chennai Challengers 2025"]
[Site "Chennai IND"]
[Date "2025.08.13"]
[Round "7.1"]
[White "Dronavalli, Harika"]
[Black "Harshavardhan, G B"]
[Result "0-1"]
[WhiteTitle "GM"]
[BlackTitle "IM"]
[WhiteElo "2487"]
[BlackElo "2454"]
[WhiteFideId "5015197"]
[BlackFideId "25059009"]
[EventDate "2025.08.07"]

1. d4 Nf6 2. Nf3 e6 3. e3 c5 4. Bd3 d5 5. b3 Nbd7 6. O-O b6 7. Bb2 Bb7 8. Nbd2
Qc7 9. Ne5 Be7 10. f4 a6 11. Qe2 O-O 12. a4 Rfe8 13. Rad1 Nf8 14. Kh1 a5 15. Bb5
Red8 16. Bd3 Re8 17. dxc5 bxc5 18. Ndf3 N6d7 19. Bb5 Red8 20. c4 f6 21. Nxd7
Nxd7 22. Bc3 Nb6 23. Qe1 Nc8 24. f5 exf5 25. cxd5 Nd6 26. Bc4 Qd7 27. Nd2 Re8
28. Qg3 Ba6 29. Qf3 Bxc4 30. Nxc4 Nxc4 31. bxc4 Bd6 32. Qe2 Re4 33. Be1 Qxa4 34.
Bg3 Bxg3 35. hxg3 Qxc4 36. Qxc4 Rxc4 37. Rxf5 Kf7 38. d6 Ke6 39. Rh5 h6 40. Kh2
Kd7 41. e4 Re8 42. Rb1 Re5 43. Rh3 Rb4 44. Rd1 Rexe4 45. g4 a4 46. Rc3 Rbc4 47.
Rf3 Rcd4 48. Rb1 Rb4 49. Rd1 Rxg4 50. Rc3 Rh4+ 51. Kg1 Rhd4 52. Re1 Re4 53. Rd1
Rbc4 54. Rg3 g5 55. Rh3 Red4 56. Re1 Re4 57. Rb1 Rb4 58. Rc1 Rh4 59. Rf3 Rhc4
60. Re1 Re4 61. Rc1 Rf4 62. Rh3 Kxd6 63. Rxh6 a3 64. Rd1+ Kc6 65. Ra1 Ra4 66.
Rh8 a2 67. Rc8+ Kd5 68. Rd8+ Ke6 69. Re8+ Kf5 70. Re2 Rfb4 71. Kh2 c4 72. Kh3 c3
73. Rf1+ Kg6 74. Re6 Rh4+ 75. Kg3 Rag4+ 0-1

[Event "Chennai Challengers 2025"]
[Site "Chennai IND"]
[Date "2025.08.13"]
[Round "7.2"]
[White "Pranesh, M"]
[Black "Vaishali, Rameshbabu"]
[Result "1-0"]
[WhiteTitle "GM"]
[BlackTitle "GM"]
[WhiteElo "2589"]
[BlackElo "2476"]
[WhiteFideId "35028600"]
[BlackFideId "5091756"]
[EventDate "2025.08.07"]

1. e4 e6 2. d4 d5 3. e5 c5 4. c3 Nc6 5. Nf3 Bd7 6. Be2 Nge7 7. O-O Nf5 8. dxc5
a5 9. c4 dxc4 10. Nc3 Bxc5 11. Ne4 b6 12. Bxc4 O-O 13. Bg5 Be7 14. Bf4 Nb4 15.
g4 Bc6 16. Re1 Nh4 17. Nxh4 Bxh4 18. g5 Qxd1 19. Raxd1 b5 20. Bf1 Nd5 21. Bd2 f6
22. exf6 gxf6 23. Rc1 Be8 24. Bg2 Ra7 25. gxf6 Nxf6 26. Bg5 Bxg5 27. Nxg5 Bg6
28. Nxe6 Re8 29. Bc6 Rb8 30. Rc5 Re7 31. f4 Bf7 32. f5 Kh8 33. Rxb5 Rg8+ 34. Kf1
Ng4 35. h3 Nh6 36. Kf2 Rc8 37. Nd4 Rxe1 38. Kxe1 Bxa2 39. Rxa5 Bb1 40. b4 Kg7
41. b5 Nxf5 42. Nxf5+ Bxf5 43. h4 Kf6 44. Kf2 Ke6 45. Ra6 Ke5 46. Ke3 Rd8 47. b6
Rd3+ 48. Kf2 Rd2+ 49. Ke1 Rb2 50. b7 Kd6 51. Bf3+ Kc7 52. Rc6+ Kb8 53. Rf6 Rb5
54. Rf8+ Kc7 55. b8=Q+ Rxb8 56. Rxf5 Kd6 57. Rh5 Rf8 58. Be2 Rh8 59. Bd3 Ke6 60.
Kf2 Kf6 61. Kf3 Kg7 62. Kg4 h6 63. Rd5 Rf8 64. Kh5 Rf7 65. Rd6 Ra7 66. Rg6+ Kh8
67. Rxh6+ Kg8 68. Rd6 Kh8 69. Kg5 Rg7+ 70. Bg6 Ra7 71. Kf6 Ra8 72. Rd7 Ra6+ 73.
Kg5 Ra8 74. Kh6 Rf8 75. Bf7 Rb8 76. Be6 1-0

[Event "Chennai Challengers 2025"]
[Site "Chennai IND"]
[Date "2025.08.13"]
[Round "7.3"]
[White "Aryan, Chopra"]
[Black "Puranik, Abhimanyu"]
[Result "1/2-1/2"]
[WhiteTitle "GM"]
[BlackTitle "GM"]
[WhiteElo "2634"]
[BlackElo "2635"]
[WhiteFideId "5084423"]
[BlackFideId "5061245"]
[EventDate "2025.08.07"]

1. e4 e5 2. Nf3 Nc6 3. Nc3 Nf6 4. d4 exd4 5. Nxd4 Bb4 6. Nxc6 bxc6 7. Bd3 d5 8.
exd5 O-O 9. O-O cxd5 10. h3 c6 11. Qf3 Rb8 12. Ne2 Bd6 13. b3 Re8 14. Bf4 c5 15.
Ng3 c4 16. bxc4 dxc4 17. Bxd6 Qxd6 18. Bxc4 Bb7 19. Rad1 Qc7 20. Qd3 Qc6 21. f3
Rbc8 22. Bb3 Ba6 23. c4 Bxc4 24. Bxc4 Qxc4 25. Qxc4 Rxc4 26. Nf5 Ra4 27. Rd2 g6
28. Nd6 Re7 29. Kf2 h5 30. Rc1 Kg7 31. Rc4 Ra3 32. h4 a6 33. Rb4 Rc7 34. Rb3
Rxb3 35. axb3 Rc3 36. b4 Rb3 37. Rd4 Rb2+ 38. Kg3 Ng8 39. Re4 Nh6 40. Kh3 Nf5
41. Nxf5+ gxf5 42. Rc4 f6 1/2-1/2

[Event "Chennai Challengers 2025"]
[Site "Chennai IND"]
[Date "2025.08.13"]
[Round "7.4"]
[White "Ghosh, Diptayan"]
[Black "Mendonca, Leon Luke"]
[Result "0-1"]
[WhiteTitle "GM"]
[BlackTitle "GM"]
[WhiteElo "2576"]
[BlackElo "2606"]
[WhiteFideId "5045207"]
[BlackFideId "35028561"]
[EventDate "2025.08.07"]

1. e4 c5 2. Nf3 d6 3. Nc3 Nf6 4. d4 cxd4 5. Qxd4 Nc6 6. Qe3 g6 7. h3 Bg7 8. Bc4
O-O 9. O-O a6 10. a4 Bd7 11. Rd1 Rc8 12. Qe2 Qb6 13. Bb3 Na5 14. Be3 Qc7 15. Ba2
Rfe8 16. Bg5 h6 17. Bxf6 exf6 18. Qd3 f5 19. e5 Qc5 20. Qxd6 Qxd6 21. Rxd6 Be6
22. Bxe6 fxe6 23. Rd7 Nc4 24. Rxb7 Rb8 25. Rxb8 Rxb8 26. Nd1 Kf7 27. Kf1 g5 28.
g4 Nxe5 29. Nxe5+ Bxe5 30. c3 h5 31. gxh5 Rh8 32. Ne3 Rxh5 33. Nc4 Bc7 34. Rd1
Ke7 35. Rd3 Rh4 36. b3 e5 37. Rd5 Rxh3 38. Rc5 Bd6 39. Rc8 e4 40. Nxd6 Kxd6 41.
b4 f4 42. b5 axb5 43. axb5 Rh1+ 44. Kg2 Rb1 45. Re8 Kd5 46. Kh3 Rb2 47. Kg4 Rxf2
48. c4+ Kd4 49. c5 Rg2+ 50. Kf5 Kxc5 51. Re5+ Kb6 52. Rxe4 f3 0-1

[Event "Chennai Challengers 2025"]
[Site "Chennai IND"]
[Date "2025.08.13"]
[Round "7.5"]
[White "Iniyan, Pa"]
[Black "Adhiban, Baskaran"]
[Result "1/2-1/2"]
[WhiteTitle "GM"]
[BlackTitle "GM"]
[WhiteElo "2586"]
[BlackElo "2534"]
[WhiteFideId "25002767"]
[BlackFideId "5018471"]
[EventDate "2025.08.07"]

1. d4 d5 2. c4 e6 3. Nc3 c6 4. e4 dxe4 5. Nxe4 Bb4+ 6. Bd2 Qxd4 7. Bxb4 Qxe4+ 8.
Be2 Na6 9. Bd6 Qxg2 10. Bf3 Qg5 11. Ne2 Ne7 12. Ng3 e5 13. Qb3 Qh4 14. Rg1 O-O
15. Nh5 Ng6 16. Bxf8 Kxf8 17. O-O-O Be6 18. Be2 Qe7 19. Qe3 Qc5 20. Qg5 Re8 21.
Rd8 Bxc4 22. Rxe8+ Kxe8 23. Kd1 Qd4+ 24. Ke1 Bxe2 25. Kxe2 Qc4+ 26. Kf3 Qd5+ 27.
Ke2 Qc4+ 28. Kf3 Qd5+ 29. Ke2 Nc5 30. Nxg7+ Kf8 31. Nh5 Qd3+ 32. Ke1 Qb1+ 33.
Ke2 Qd3+ 34. Ke1 Qb1+ 35. Ke2 Qd3+ 36. Ke1 1/2-1/2

[Event "Chennai Challengers 2025"]
[Site "Chennai IND"]
[Date "2025.08.14"]
[Round "8.1"]
[White "Harshavardhan, G B"]
[Black "Adhiban, Baskaran"]
[Result "0-1"]
[WhiteTitle "IM"]
[BlackTitle "GM"]
[WhiteElo "2454"]
[BlackElo "2534"]
[WhiteFideId "25059009"]
[BlackFideId "5018471"]
[EventDate "2025.08.07"]

1. Nf3 f5 2. d4 Nf6 3. g3 g6 4. Bg2 Bg7 5. O-O O-O 6. c4 d6 7. Nc3 c6 8. b4 e5
9. dxe5 dxe5 10. e4 Qxd1 11. Rxd1 f4 12. Rb1 Bg4 13. h3 Bxf3 14. Bxf3 Nbd7 15.
Bg4 Rad8 16. Be6+ Kh8 17. c5 b6 18. Ba3 bxc5 19. bxc5 fxg3 20. fxg3 Bh6 21. Bxd7
Be3+ 22. Kh1 Nxd7 23. Rd6 Bxc5 24. Bxc5 Nxc5 25. Rxc6 Nd3 26. Rg1 Rc8 27. Rxc8
Rxc8 28. Nd5 Nf2+ 29. Kg2 Rc2 30. Nb4 Rb2 31. a3 h5 32. Rf1 Nxe4+ 33. Kg1 Nxg3
34. Rf7 Ne2+ 35. Kh1 Kg8 36. Rxa7 Nd4 37. Kg1 Rd2 38. Kf1 Nf3 39. Rc7 Nh2+ 40.
Ke1 Nf3+ 41. Kf1 Ng5 42. Rc3 Kg7 43. a4 Rd1+ 44. Kg2 Rd2+ 45. Kf1 Rd1+ 46. Kg2
Ra1 47. Rc7+ Kh6 48. h4 Ne6 49. Ra7 Nd4 50. a5 Nf5 51. a6 Nxh4+ 52. Kf2 Nf5 53.
Ra8 Nd4 54. Ke3 Kg5 55. Nd3 Nc6 56. Nc5 h4 57. Rg8 Ne7 58. Rh8 Nf5+ 59. Kf3 Ra3+
60. Ke4 Ra5 61. Ne6+ Kg4 62. Nc5 Rxc5 63. a7 Ng3+ 64. Kd3 e4+ 65. Kd4 Ra5 66.
a8=Q Rxa8 67. Rxa8 h3 68. Rh8 Nh5 69. Re8 h2 70. Rxe4+ Kg5 71. Re5+ Kf6 72. Re1
Ng3 73. Ke3 h1=Q 74. Rxh1 Nxh1 75. Kf3 Kf5 76. Kg2 Kf4 77. Kxh1 Kg3 78. Kg1 g5
79. Kh1 g4 80. Kg1 Kh3 81. Kh1 g3 0-1

[Event "Chennai Challengers 2025"]
[Site "Chennai IND"]
[Date "2025.08.14"]
[Round "8.2"]
[White "Mendonca, Leon Luke"]
[Black "Iniyan, Pa"]
[Result "1/2-1/2"]
[WhiteTitle "GM"]
[BlackTitle "GM"]
[WhiteElo "2606"]
[BlackElo "2586"]
[WhiteFideId "35028561"]
[BlackFideId "25002767"]
[EventDate "2025.08.07"]

1. Nf3 d5 2. g3 c5 3. Bg2 Nf6 4. O-O e6 5. c4 d4 6. e3 Nc6 7. d3 Bd6 8. exd4
cxd4 9. Bg5 h6 10. Bxf6 gxf6 11. Na3 Kf8 12. Nc2 Be7 13. a3 a5 14. b4 axb4 15.
axb4 Rxa1 16. Qxa1 Nxb4 17. Nxb4 Bxb4 18. Nxd4 e5 19. Qb1 Qxd4 20. Qxb4+ Kg7 21.
Bxb7 Bxb7 22. Qxb7 Qxd3 23. c5 e4 24. Qb4 Rd8 25. Re1 Rd4 26. Qb2 Rc4 27. Rc1 e3
28. Rxc4 Qxc4 29. fxe3 Qxc5 30. Qd4 Qc1+ 31. Kg2 Qc2+ 32. Kg1 Qc1+ 33. Kg2 Qc2+
34. Kg1 Qc1+ 1/2-1/2

[Event "Chennai Challengers 2025"]
[Site "Chennai IND"]
[Date "2025.08.14"]
[Round "8.3"]
[White "Puranik, Abhimanyu"]
[Black "Ghosh, Diptayan"]
[Result "1-0"]
[WhiteTitle "GM"]
[BlackTitle "GM"]
[WhiteElo "2635"]
[BlackElo "2576"]
[WhiteFideId "5061245"]
[BlackFideId "5045207"]
[EventDate "2025.08.07"]

1. d4 Nf6 2. c4 e6 3. Nc3 Bb4 4. a3 Bxc3+ 5. bxc3 c5 6. e3 b6 7. Ne2 Bb7 8. Ng3
d6 9. Ra2 Nc6 10. e4 Qe7 11. d5 Na5 12. Bd3 O-O-O 13. O-O Ba6 14. Qe2 h5 15. e5
dxe5 16. Bg5 exd5 17. Nf5 Qc7 18. Bxf6 gxf6 19. cxd5 Bxd3 20. Qxd3 c4 21. Qf3
Kb8 22. a4 e4 23. Qxe4 Qe5 24. Qxe5+ fxe5 25. Rd1 Rd7 26. Re2 f6 27. f4 exf4 28.
Re4 Rc8 29. Rxf4 Re8 30. Kf2 a6 31. Ne3 b5 32. axb5 axb5 33. Rxf6 Kb7 34. Ra1
Nb3 35. Raa6 Rf8 36. Rb6+ Ka7 37. Ra6+ Kb7 38. Rxf8 Kxa6 39. Nc2 Kb7 40. Nb4 Nc5
41. Rf3 Kb6 42. Ke3 Re7+ 43. Kd2 Ne4+ 44. Kc2 Rg7 45. g3 h4 46. Re3 hxg3 47.
hxg3 Nd6 48. Kd1 Kc5 49. Ke1 Rf7 50. Ke2 Nf5 51. Rf3 Re7+ 52. Kf2 Nd6 53. Re3
Rf7+ 54. Kg2 Rg7 55. Re5 Ra7 56. g4 Ra3 57. Re3 Rxc3 58. Rxc3 Kxb4 59. Rf3 c3
60. g5 c2 61. Rf1 Nf5 62. Kh3 Kc3 63. g6 b4 64. d6 b3 65. d7 b2 66. d8=Q c1=Q
67. Qa5+ Kd4 68. Qxf5 1-0

[Event "Chennai Challengers 2025"]
[Site "Chennai IND"]
[Date "2025.08.14"]
[Round "8.4"]
[White "Vaishali, Rameshbabu"]
[Black "Aryan, Chopra"]
[Result "0-1"]
[WhiteTitle "GM"]
[BlackTitle "GM"]
[WhiteElo "2476"]
[BlackElo "2634"]
[WhiteFideId "5091756"]
[BlackFideId "5084423"]
[EventDate "2025.08.07"]

1. e4 d6 2. d4 Nf6 3. Nc3 e5 4. Nf3 Nbd7 5. Bc4 Be7 6. O-O O-O 7. Re1 c6 8. a4
h6 9. h3 Re8 10. Ba2 a5 11. Be3 exd4 12. Nxd4 Bf8 13. Bf4 Ra6 14. Nf5 Ne5 15.
Ng3 Be6 16. Bxe6 fxe6 17. Nh5 Ra8 18. Bg3 Nxh5 19. Qxh5 Nf7 20. Rad1 e5 21. Rd3
Qf6 22. Nd1 g6 23. Qe2 Reb8 24. Ne3 h5 25. b3 Bh6 26. Red1 b5 27. axb5 Bxe3 28.
Rxe3 h4 29. Bh2 cxb5 30. Qg4 Re8 31. Rf3 Qe6 32. Qxh4 a4 33. bxa4 bxa4 34. Ra1
Rec8 35. Rfa3 Rxc2 36. f4 Qc4 37. Kh1 Rc1+ 38. Bg1 Rxa1 39. Rxa1 Qxe4 40. Ra3
exf4 41. Qf6 Qf5 42. Qb2 Ng5 43. Qb7 Qe4 44. Qd7 Nf7 45. Ba7 Qe1+ 46. Kh2 Qe5
47. Kh1 Qe8 48. Qb7 Rc8 49. Ra1 Rc4 50. Bf2 Qe2 51. Qa8+ Kg7 52. Qa7 Rc2 53.
Bd4+ Kh6 54. Rg1 Qc4 55. Bf6 g5 56. Qe7 f3 57. g4 Kg6 58. h4 gxh4 59. Bxh4 Qf4
60. Bg3 Qh6+ 61. Bh4 Qf4 62. Bg3 Qh6+ 63. Bh4 Kg7 64. Rf1 Re2 0-1

[Event "Chennai Challengers 2025"]
[Site "Chennai IND"]
[Date "2025.08.14"]
[Round "8.5"]
[White "Dronavalli, Harika"]
[Black "Pranesh, M"]
[Result "0-1"]
[WhiteTitle "GM"]
[BlackTitle "GM"]
[WhiteElo "2487"]
[BlackElo "2589"]
[WhiteFideId "5015197"]
[BlackFideId "35028600"]
[EventDate "2025.08.07"]

1. d4 Nf6 2. Nf3 d5 3. c4 e6 4. Nc3 c6 5. e3 Nbd7 6. Bd3 dxc4 7. Bxc4 b5 8. Bd3
Bb7 9. O-O a6 10. e4 c5 11. d5 Qc7 12. Qe2 Bd6 13. dxe6 fxe6 14. Ng5 Nf8 15. f4
c4 16. Bc2 h6 17. Nf3 O-O-O 18. e5 Bc5+ 19. Kh1 Nd5 20. Ne4 Nd7 21. a4 Rhf8 22.
axb5 axb5 23. b3 Nxf4 24. Bxf4 Rxf4 25. bxc4 b4 26. Rad1 Rdf8 27. Nd6+ Bxd6 28.
exd6 Qc5 29. Qxe6 Bc6 30. Rde1 Qxc4 31. Bb3 Qxe6 32. Bxe6 Kb7 33. Bxd7 Bxd7 34.
Re7 R8f7 35. Rxf7 Rxf7 36. Rb1 Rf4 37. Ne5 Bf5 38. Re1 b3 39. g4 Be4+ 40. Kg1 b2
41. d7 Kc7 42. Rd1 Rf8 0-1

[Event "Chennai Challengers 2025"]
[Site "Chennai IND"]
[Date "2025.08.15"]
[Round "9.1"]
[White "Pranesh, M"]
[Black "Harshavardhan, G B"]
[Result "0-1"]
[WhiteTitle "GM"]
[BlackTitle "IM"]
[WhiteElo "2589"]
[BlackElo "2454"]
[WhiteFideId "35028600"]
[BlackFideId "25059009"]
[EventDate "2025.08.07"]

1. e4 e5 2. Nf3 Nf6 3. Nxe5 d6 4. Nf3 Nxe4 5. Nc3 Nxc3 6. dxc3 Be7 7. Be3 Nd7 8.
Qd2 Ne5 9. O-O-O Nxf3 10. gxf3 Be6 11. Kb1 Qd7 12. Bd4 Rg8 13. Bd3 g6 14. Qh6 c5
15. Be3 O-O-O 16. Be4 d5 17. Bxd5 Bxd5 18. c4 Qf5 19. cxd5 Qxf3 20. c4 Bd6 21.
Ka1 Rde8 22. h4 Re4 23. Qxh7 Rge8 24. Rb1 Be5 25. Qh6 Bf6 26. h5 Rh8 27. Qxh8+
Bxh8 28. hxg6 Be5 29. gxf7 Qxf7 30. Bxc5 Rxc4 31. Bxa7 Qxd5 32. Rbc1 Qb5 33.
Rxc4+ Qxc4 34. Rb1 b5 35. Be3 Qc2 36. Bb6 b4 37. Be3 Kb7 38. f3 Bf6 39. f4 Ka6
40. f5 Kb5 41. Bh6 b3 42. a4+ Ka6 43. Bf8 Qc4 44. Ba3 Qxa4 45. Re1 Qxa3+ 46. Kb1
Qxb2# 0-1